Le Caire - Choix Multiples - Statistiques

Statistiques générales
  • Ce quiz a été pris 2 380 fois
    2 260 depuis la dernière actualisation
  • Le résultat moyen est 5 sur 10
Statistiques - réponses
Question Réponse % Correct
Sur quel fleuve se trouve Le Caire ? Le Nil
98%
Complétez le titre du film OSS 117 se déroulant dans la ville : Le Caire, nid d'espions
70%
Quelle minorité ethnique chrétienne trouve la plupart de ses adeptes au Caire ? Copte
63%
Quels événements se sont produits en 1919, 1952 et 2011 au Caire ? Révolutions
61%
De quelle organisation internationale Le Caire est-elle le siège ? La Ligue Arabe
54%
Lequel de ces monuments ne se trouve pas au Caire ou dans ses environs ?
44%
Depuis 2001, la ville du Nouveau Caire est en construction à l'est de la capitale. Laquelle de ces raisons n'est PAS avancée pour justifier sa construction ? S'éloigner du fleuve dont les inondations se font de plus en plus fréquentes
43%
L'actuelle ville du Caire a été fondée aux environs du IVème siècle, sous le nom de Fustât. Quel important centre urbain de l'Egypte ancienne se trouvait sur ce site auparavant ? Memphis
37%
Quel ancien Secrétaire Général des Nations Unies est né et mort au Caire ? Boutros Boutros-Ghali
29%
Dans les années 1950, quel événement majeur a permis à la ville de connaître une très forte croissance démographique ? Un meilleur contrôle du débit du fleuve qui traverse la ville
26%
Aucun quiz correspondant
Distribution des résultats
% des personnes avec chaque résultat
Percentile par nombre de réponses
Votre historique - résultats
Vous n’avez pas pris ce quiz depuis la dernière actualisation